000 00720nam a2200241Ia 4500
003 OSt
005 20220926010557.0
006 a|||||r|||| 00| 0
007 ta
008 220923b |||||||| |||| 00| 0 eng d
037 _cGeneral Book
040 _aRTL
_cRTL
_beng
041 _2eng
_aeng
082 _aY73.5aN6, K9/BB
100 _aTheodoratus Robert J
_9312575
245 0 _aEurope
_b A selected ethnographic bibliography
260 _aNew Haven
_bHuman Relations Area Files
_c1969
300 _axi,544p
_ccm.
490 _aBehaviour Science Bibliographies
650 _aEthnology
_935130
942 _hY73.5aN6, K9/BB
_cGB
_2CC
999 _c617661
_d617661